|
|
|
|
| LEADER |
00000cam a2200000 a 4500 |
| 001 |
vtls001117413 |
| 003 |
SK-MaSNL |
| 005 |
20260301190856.0 |
| 008 |
250414s1983 xo 0 slo |
| 015 |
|
|
|a SNBA1984/02
|
| 035 |
|
|
|a SNK000060256
|
| 040 |
|
|
|a SNK
|b slo
|c SNK
|e AACR2
|
| 041 |
0 |
|
|a slo
|
| 044 |
|
|
|a xo
|c SK
|
| 080 |
|
|
|a 882-94
|2 1981
|
| 100 |
1 |
|
|a Cvetajeva, Marina Ivanovna,
|d 1892-1941
|4 aut
|9 167329
|
| 245 |
1 |
0 |
|a Sonička
|c Marina Cvetajeva ; Miroslav Neman, Anna Sahakjancová, Martin Kellenberger, Karol Rosmány, Anna Sahakjancová
|
| 250 |
|
|
|a 1. vyd.
|
| 260 |
|
|
|a Bratislava
|b Smena
|c 1983
|e Nitra
|f Nitrianske tlačiarne
|
| 300 |
|
|
|a 159 s., 9,23 AH
|c 20 cm
|
| 366 |
|
|
|e 5700 výtl.
|
| 490 |
0 |
|
|a Eva
|v Zv. 87.
|
| 500 |
|
|
|a Ilustr. na front.
|
| 700 |
1 |
|
|a Neman, Miroslav,
|d 1926-2005
|4 trl
|9 220038
|
| 700 |
1 |
|
|a Sahakjancová, Anna
|4 [ADC]
|9 566705
|
| 700 |
1 |
|
|a Kellenberger, Martin,
|d 1957-
|4 bkd
|9 90777
|
| 700 |
1 |
|
|a Rosmány, Karol,
|d 1937-2022
|4 bkd
|9 194694
|
| 700 |
1 |
|
|a Sahakjancová, Anna
|4 oth
|9 566705
|
| 852 |
|
|
|a Slovenská národná knižnica
|
| 954 |
|
|
|a memoáre literárne
|a literatúra národov ZSSR
|
| 958 |
|
|
|a LX
|
| 958 |
|
|
|a TL
|
| 958 |
|
|
|a UP
|
| 958 |
|
|
|a OND
|
| 999 |
|
|
|c 869080
|d 871010
|
| 952 |
|
|
|a SNK
|b SNK
|y PREZ
|7 0
|p 17A1347926
|o snkSC 60029 D1
|i snkKSP 124/84
|0 0
|1 0
|4 0
|d 2021-06-22
|l 0
|r 2026-02-24 05:37:09
|w 2026-02-24
|